5HLuxD.jpg

KING HENRY VIII SENIOR AND PRIMARY SCHOOL LIBRARY OPAC

HAVE SWORD WILL TRAVEL (Record no. 4534)

000 -LEADER
fixed length control field 00328nam a22001217a 4500
008 - FIXED-LENGTH DATA ELEMENTS--GENERAL INFORMATION
fixed length control field 250227b ||||| |||| 00| 0 eng d
020 ## - INTERNATIONAL STANDARD BOOK NUMBER
International Standard Book Number 9781848126527
082 ## - DEWEY DECIMAL CLASSIFICATION NUMBER
Classification number 823.92 NIX
100 ## - MAIN ENTRY--PERSONAL NAME
Personal name NIX,GARTH
Relator term AUTHOR
245 ## - TITLE STATEMENT
Title HAVE SWORD WILL TRAVEL
260 ## - PUBLICATION, DISTRIBUTION, ETC.
Place of publication, distribution, etc. 80-81 WIMPOLE ST,LONDON W1G 9RE
Name of publisher, distributor, etc. PICCADILLY PRESS
Date of publication, distribution, etc. 2018
942 ## - ADDED ENTRY ELEMENTS (KOHA)
Source of classification or shelving scheme
Holdings
Withdrawn status Lost status Source of classification or shelving scheme Damaged status Not for loan Collection code Permanent Location Current Location Shelving location Date acquired Full call number Barcode Date last seen Price effective from Koha item type Public note
          Fiction KH8 Primary School Library KH8 Primary School Library Fiction 2025-02-27 823.92 NIX KHPL000006317 2025-12-05 2025-02-27 Books - Fiction KH8 PRIMARY LIBRARY

Powered By KH8 IT Dept